000 00939nam0a22002771 4500
001 v19\rc\1897460
005 20080221162859.5
035 _a(NLR Aleph) 004983452
090 _a6209663
_c6209663
100 _a20080221e19111911|||y0rusy50 ca
101 0 _arus
102 _aRU
105 _ay z |||||
200 1 _aЗерновой хлеб
_eСообщ. Н.В. Зарина, чит. в Общем собр. 24 окт. 1911 г.
210 _a[Санкт-Петербург
_d1911]
215 _a7 с.
_d23
309 _aБез тит. л. и обл.
311 _aОтт. из "Тр. Вольн. экон. о-ва". 1911, № 4
488 0 _12001#$aТруды Вольного экономического общества$v1911, № 4
700 1 _aЗарин
_bН. В.
801 0 _aRU
_bNLR
_gpsbo
801 0 _aRU
_bRuMoRGB
_2psbo
801 1 _aRU
_bProSoft-M
_2rusmarc
852 _aNLR
_bВЭО
_j25.б.35
942 _cBOOK
980 _aNB